Lễ hội truyền thống của các dân tộc Việt Nam khu vực phía Bắc
v.v...
Đã lưu trong:
| Tác giả chính: | |
|---|---|
| Định dạng: | Sách |
| Năm xuất bản: |
H.
Đại học Quốc gia
2002
|
| Chủ đề: | |
| Tags: |
Thêm thẻ
Không có thẻ, Hãy là người đầu tiên gắn thẻ bản ghi này!
|
| LEADER | 00665nam a2200181 4500 | ||
|---|---|---|---|
| 082 | |a 394.26 |b H407L | ||
| 100 | |a Hoàng Lương | ||
| 245 | |a Lễ hội truyền thống của các dân tộc Việt Nam khu vực phía Bắc |c Hoàng Lương | ||
| 260 | |a H. |b Đại học Quốc gia |c 2002 | ||
| 300 | |a 214 tr. |c 21 cm. | ||
| 520 | |a v.v... | ||
| 653 | |a Văn hóa dân gian | ||
| 653 | |a Lễ hội truyền thống | ||
| 653 | |a Miền Bắc | ||
| 653 | |a Việt Nam | ||
| 942 | |2 ddc |c SH | ||
| 999 | |c 8703 |d 8703 | ||
| 952 | |0 0 |1 0 |2 ddc |4 0 |6 394_260000000000000_H407L |7 0 |8 300 |9 71422 |a qbu |b qbu |c D2 |d 2015-04-25 |g 17500 |l 1 |o 394.26 H407L |p 8311.c1 |r 2015-06-22 |s 2015-06-18 |w 2015-04-25 |y SH | ||